Logo BPK

Biblioteka

Politechniki Koszalińskiej

A grain of wheat / (Rekord nr 47977)

Szczegóły MARC
000 -ETYKIETA REKORDU
podpole kontrolne o stałej długości 00612nam a2200241 i 4500
001 - NUMER KONTROLNY REKORDU
pole kontrolne bgj
020 ## - MIĘDZYNARODOWY ZNORMALIZOWANY NUMER KSIĄŻKI - ISBN
ISBN 0435909878
040 ## - ŹRÓDŁO KATALOGOWANIA
Instytucja, która utworzyła rekord BPK
041 0# - KOD JĘZYKA
Kod języka tekstu eng
920 ## - Międzynarodowy znormalizowany numer książki – ISBN
ISBN 0-435-90987-8
008 - POLE O STAŁEJ DŁUGOŚCI - DANE KONTROLNE
podpole kontrolne o stałej długości s uk f |000 0 eng
100 1# - NAZWA OSOBOWA
Nazwa osobowa NGUGI WA THIONG'O,
Daty związane z nazwą (1938- ).
245 10 - TYTUŁ/ODPOWIEDZIALNOŚĆ
Tytuł A grain of wheat /
Pozostałe elementy strefy tytułu i oznaczenia odpowiedzialności NGUGI WA THIONG'O.
250 ## - STREFA WYDANIA
Oznaczenie wydania Revised edition.
260 ## - STREFA ADRESU WYDAWNICZEGO
Miejsce wydania Oxford [etc.] :
Nazwa wydawcy/dystrybutora Heinemann,
Data publikacji, dystrybucji/powstania dokumentu 1986.
300 ## - STREFA OPISU FIZYCZNEGO
Objętość 247 pp ;
Rozmiary 20 cm.
490 1# - STREFA SERII I DOKUMENTU WIELOCZĘŚCIOWEGO - FORMA NIE DO WYSZUKIWANIA
Tytuł i oznaczenie odpowiedzialności serii African Writers Series ;
Numeracja w obrębie serii 36
651 #9 - HASŁO PRZEDMIOTOWE W FORMIE NAZWY GEOGRAFICZNEJ
Nazwa geograficzna Kenya
651 #9 - HASŁO PRZEDMIOTOWE W FORMIE NAZWY GEOGRAFICZNEJ
Nazwa geograficzna Kenya
655 ## - TERMIN INDEKSOWY - OKREŚLENIE RODZAJU/FORMY DOKUMENTU
Określenie rodzaju/formy dokumentu Fiction
830 ## - HASŁO DODATKOWE SERII LUB DOKUMENTU WIELOCZĘŚCIOWEGO - TYTUŁ UJEDNOLICONY
Tytuł ujednolicony African Writers Series ;
942 ## - DODATKOWE ELEMENTY (KOHA)
Typ dokumentu Książka
Egzemplarze
Wycofany Status egzemplarza Uszkodzony Dostępność Lokalizacja stała Lokalizacja bieżąca Miejsce przechowywania Sygnatura Kod kreskowy Typ dokumentu
      Dostępny Biblioteka Politechniki Koszalińskiej Biblioteka Politechniki Koszalińskiej Wypożyczalnia Językowa KA 4773 09020566 Książka
© 2023 Biblioteka Politechniki Koszalińskiej :: KOHA